Album - Man On The Moon : The End of Day by Kid Cudi - Statistics

General Stats
  • This quiz has been taken 32 times
  • The average score is 13 of 19
Answer Stats
Songs % Correct
13 (ft. MGMT, Ratatat) Pursuit Of Happinness
88%
2 Soundtrack 2 My Life
88%
14 (ft. Chip tha Ripper) Hyyerr
81%
12 (ft. Kanye West, Common) Make Her Say
81%
11 Cudi Zone
77%
1 In My Dreams
77%
6 (ft. Billy Craven) My World
77%
10 (ft. Ratatat) Alive
73%
7 Day 'n' Nite
73%
5 Heart Of A Lion
73%
18 Man On The Moon
73%
8 Sky Might Fall
73%
15 Up Up & Away
73%
3 Simple As...
69%
4 Solo Dolo
69%
9 Enter Galactic
62%
19 (ft. Wale) Is There Any Love
50%
17 (ft. Chip tha Ripper) T.G.I.F.
46%
16 Day 'n' Nite (Remix)
19%
No matching quizzes found
Score Distribution
Percent of People with Each Score
Percentile by Number Answered
Your Score History
You have not taken this quiz